| 000 | 00790nam a22002537i 4500 | ||
|---|---|---|---|
| 003 | URS | ||
| 005 | 20220117094837.0 | ||
| 008 | 170207b xxu||||| |||| 00| 0 eng d | ||
| 022 | _a9712307956 | ||
| 040 |
_erda _cCollege _beng |
||
| 050 | 0 | 0 |
_aTX167 _bL322 1990 |
| 100 | 1 |
_aLardizabal, Amparo S., _eauthor |
|
| 245 | 1 | 0 |
_aHome Economics, Practical Arts and Livelihood Education _bBook Two _cAmparo S. Lardizabal [and] Eden C. Diaz |
| 264 | 1 |
_aManila _bRex Printing Company Incorporated _c1990. |
|
| 300 |
_av, 95 pages _billustrationss _c25.2 cm. |
||
| 336 |
_2rdacontent _atext |
||
| 337 |
_2rdamedia _aunmediated |
||
| 338 |
_2rdacarrier _avolume |
||
| 500 | _aIncludes appendix | ||
| 650 | _aHome Economics | ||
| 650 | _aPractical Arts | ||
| 700 | _aEden C. Diaz | ||
| 942 |
_2lcc _cF |
||
| 999 |
_c11816 _d11816 |
||